[Event "Sparkassen-Open A"]
[Site "Heusenstamm, Martinsee"]
[Date "2025.11.22"]
[Round "4.1"]
[White "Hourigan, Gerrit"]
[Black "Bagrationi, Alexander"]
[Result "0-1"]
[WhiteElo "2279"]
[BlackElo "2415"]
[PlyCount "50"]
[EventDate "2025.11.20"]
[WhiteTeam "SF Hamburg e.V. 1934"]
[BlackTeam "SV Hemer 1932 e. V."]

1. c4 e5 2. g3 g6 3. Bg2 Bg7 4. Nc3 Ne7 5. e3 d6 6. Nge2 Nbc6 7. d3 h5 8. h3 Be6 9. Nd5 Qd7 10. Rb1 O-O 11. b4 b5 12. Nec3 bxc4 13. dxc4 Rab8 14. Qa4 e4 15. Nxe4 Nxd5 16. cxd5 Bxd5 17. O-O Qf5 18. b5 a6 19. Qc2 Rxb5 20. Rxb5 axb5 21. Rd1 Nb4 22. Qb1 Re8 23. f3 Bxe4 24. Qxb4 Bxf3 25. Rf1 Qe4 0-1

[Event "Sparkassen-Open A"]
[Site "Heusenstamm, Martinsee"]
[Date "2025.11.22"]
[Round "4.2"]
[White "Smith, Bryan"]
[Black "Hinrichs, Paul"]
[Result "0-1"]
[WhiteElo "2365"]
[BlackElo "2309"]
[PlyCount "78"]
[EventDate "2025.11.20"]
[WhiteTeam "TSV Schönaich"]
[BlackTeam "Sfr.Heidesheim"]

1. Nf3 d5 2. g3 g6 3. c4 c6 4. Qa4 Nd7 5. cxd5 cxd5 6. Nc3 Ngf6 7. Bg2 Bg7 8. d3 O-O 9. O-O h6 10. Bf4 Re8 11. d4 Nb6 12. Qb3 Nh5 13. Ne5 Nxf4 14. gxf4 e6 15. Rad1 Bd7 16. Rd3 Rc8 17. Rg3 Re7 18. Kh1 Be8 19. Rg1 Nc4 20. e4 Nxe5 21. dxe5 d4 22. Rd3 Rec7 23. Ne2 Qh4 24. Rg3 Rc2 25. Nxd4 Rxf2 26. Nxe6 Rcc2 27. Nxg7 Kxg7 28. e6 Qxf4 29. exf7 Qxf7 30. Qe3 Bc6 31. Rf3 Qxf3 32. Qxf3 Rxf3 33. Bxf3 Rxb2 34. Rg2 Rxg2 35. Kxg2 Kf6 36. Kf2 Ke5 37. Ke3 b5 38. Bg2 b4 39. Kd3 Bb5+ 0-1

[Event "Sparkassen-Open A"]
[Site "Heusenstamm, Martinsee"]
[Date "2025.11.22"]
[Round "4.3"]
[White "Stork, Oliver"]
[Black "Browning, Alex"]
[Result "1-0"]
[WhiteElo "2347"]
[BlackElo "2283"]
[PlyCount "97"]
[EventDate "2025.11.20"]
[WhiteTeam "Klub Kölner SF e. V."]
[BlackTeam "SG Porz e. V."]

1. Nf3 Nf6 2. c4 g6 3. g3 Bg7 4. Bg2 O-O 5. O-O d6 6. Nc3 e5 7. d4 exd4 8. Nxd4 Re8 9. b3 Nbd7 10. Bb2 Nc5 11. Qc2 a5 12. a3 c6 13. b4 Ng4 14. Nxc6 bxc6 15. bxc5 Bf5 16. e4 Be6 17. Na4 Bxb2 18. Qxb2 dxc5 19. h3 Nf6 20. Nxc5 Bxc4 21. Rfc1 Be6 22. Rab1 h5 23. Qc3 Bc8 24. Re1 Nd7 25. e5 Nxc5 26. Qxc5 Bd7 27. Rbd1 Qc8 28. Kh2 h4 29. gxh4 Rb8 30. h5 Rb5 31. Qd6 Bf5 32. hxg6 Bxg6 33. Qxc6 Qb8 34. Qd6 Qa7 35. Rd2 Re6 36. Qd8+ Kg7 37. Qg5 Qc5 38. f4 Qc3 39. Rde2 Qd3 40. h4 Rb8 41. Re3 Qc2 42. R1e2 Qb1 43. h5 Rh8 44. Rh3 Qd1 45. Qg4 Qd4 46. Be4 Qd1 47. Rg2 Qd4 48. hxg6 Qxe4 49. gxf7+ 1-0

[Event "Sparkassen-Open A"]
[Site "Heusenstamm, Martinsee"]
[Date "2025.11.22"]
[Round "4.4"]
[White "Chassard, Cedric"]
[Black "Hoppstädter, Daniel"]
[Result "1-0"]
[WhiteElo "2276"]
[BlackElo "2214"]
[PlyCount "61"]
[EventDate "2025.11.20"]
[WhiteTeam "TSV Schott Mainz"]
[BlackTeam "SV 1926 Riegelsberg"]

1. d4 d5 2. c4 c6 3. Nf3 Nf6 4. Nc3 e6 5. Qd3 dxc4 6. Qxc4 a6 7. g4 b5 8. Qd3 c5 9. g5 Nfd7 10. Bg2 Bb7 11. O-O Nc6 12. Be3 cxd4 13. Nxd4 Nb4 14. Qb1 Bxg2 15. Kxg2 Nb6 16. Qe4 N4d5 17. Nxe6 fxe6 18. Qxe6+ Be7 19. Rad1 Qd6 20. Nxd5 Qxe6 21. Nc7+ Kf7 22. Nxe6 Kxe6 23. Bxb6 Bxg5 24. f4 Be7 25. Rf3 Rhe8 26. Re3+ Kf5 27. Rd5+ Kg6 28. f5+ Kf6 29. Bd4+ Kf7 30. Rd7 Rad8 31. Rexe7+ 1-0

[Event "Sparkassen-Open A"]
[Site "Heusenstamm, Martinsee"]
[Date "2025.11.22"]
[Round "4.5"]
[White "Hagner, Bennet"]
[Black "Geltz, Noah"]
[Result "1/2-1/2"]
[WhiteElo "2461"]
[BlackElo "2224"]
[PlyCount "72"]
[EventDate "2025.11.20"]
[WhiteTeam "OSG Baden-Baden"]
[BlackTeam "TSV Schönaich"]

1. d4 d5 2. c4 c6 3. Nf3 Nf6 4. Nc3 e6 5. g3 dxc4 6. Bg2 Nbd7 7. O-O b5 8. e4 Bb7 9. e5 Nd5 10. Ng5 h6 11. Nxe6 fxe6 12. Qh5+ Ke7 13. Ne4 Qe8 14. Bg5+ hxg5 15. Qxh8 Kd8 16. Nxg5 Kc7 17. Qh3 Kb6 18. Nxe6 a5 19. Rac1 Rc8 20. a4 Ka6 21. Qg4 N7b6 22. Nxg7 Qf7 23. Nf5 Nxa4 24. Rc2 Re8 25. Qg5 Nab6 26. h4 Bc8 27. Be4 c5 28. Nd6 Bxd6 29. Bg6 Qf3 30. Bh5 Be7 31. Bxf3 Bxg5 32. dxc5 Nb4 33. Re2 Bh6 34. cxb6 Kxb6 35. Bh5 Re7 36. f4 Nd3 1/2-1/2

[Event "Sparkassen-Open A"]
[Site "Heusenstamm, Martinsee"]
[Date "2025.11.22"]
[Round "4.6"]
[White "Klundt, Klaus"]
[Black "Pajeken, Jakob Leon"]
[Result "0-1"]
[WhiteElo "2229"]
[BlackElo "2467"]
[PlyCount "68"]
[EventDate "2025.11.20"]
[WhiteTeam "SC Heusenstamm"]
[BlackTeam "SK Doppelbauer Kiel von 1910 e.V"]

1. e4 c5 2. Nf3 d6 3. d4 cxd4 4. Nxd4 Nf6 5. Nc3 a6 6. Be3 e5 7. Nb3 Be6 8. Qd2 Nbd7 9. f4 b5 10. O-O-O Be7 11. Kb1 Rc8 12. f5 Bc4 13. g4 Nxg4 14. Rg1 Nxe3 15. Qxe3 Qb6 16. Qg3 Nf6 17. Bd3 g6 18. Qh3 gxf5 19. Bxc4 bxc4 20. Nd2 Rb8 21. Nxc4 Qc6 22. Qd3 Nxe4 23. Nxe4 fxe4 24. Nxd6+ Qxd6 25. Qxd6 Bxd6 26. Rxd6 Ke7 27. Rxa6 Rbd8 28. Kc1 Rd6 29. Rxd6 Kxd6 30. a4 f5 31. a5 e3 32. a6 Ra8 33. Rd1+ Kc6 34. Rd3 f4 0-1

[Event "Sparkassen-Open A"]
[Site "Heusenstamm, Martinsee"]
[Date "2025.11.22"]
[Round "4.7"]
[White "Poetsch, Hagen"]
[Black "Kupriyanov, Daniel"]
[Result "1-0"]
[WhiteElo "2456"]
[BlackElo "2197"]
[PlyCount "55"]
[EventDate "2025.11.20"]
[WhiteTeam "SC Heusenstamm"]
[BlackTeam "SVKT Bad Camberg 2025"]

1. e4 c5 2. Nf3 Nc6 3. Bb5 g6 4. Bxc6 bxc6 5. O-O Bg7 6. Re1 Nh6 7. c3 O-O 8. h3 f6 9. d4 cxd4 10. cxd4 Nf7 11. Nc3 e5 12. d5 c5 13. d6 Bb7 14. Be3 Rc8 15. Rc1 Kh8 16. Nd5 Nxd6 17. Bxc5 Rc6 18. b4 a6 19. a4 Bh6 20. Rc3 Re8 21. Nd2 f5 22. Bxd6 Bxd2 23. Bxe5+ Rxe5 24. Qxd2 Rce6 25. Nf4 Re7 26. Qd6 fxe4 27. Rc7 Qf8 28. Rxd7 1-0

[Event "Sparkassen-Open A"]
[Site "Heusenstamm, Martinsee"]
[Date "2025.11.22"]
[Round "4.8"]
[White "Karsay, Pascal"]
[Black "Lauer, Marius"]
[Result "1-0"]
[WhiteElo "2401"]
[BlackElo "2151"]
[PlyCount "135"]
[EventDate "2025.11.20"]
[WhiteTeam "SV Worms 1878"]
[BlackTeam "SK Kaiserslautern 1905"]

1. Nf3 d5 2. g3 Nf6 3. Bg2 e6 4. O-O Be7 5. d3 b5 6. e4 dxe4 7. dxe4 Qxd1 8. Rxd1 Bb7 9. Nc3 a6 10. e5 Nd5 11. Nxd5 Bxd5 12. a4 b4 13. Nd2 c6 14. Ne4 Nd7 15. Bf4 h6 16. h4 Rg8 17. h5 Nc5 18. Nd6+ Bxd6 19. exd6 Kd7 20. Bf1 a5 21. Be3 Ne4 22. Rac1 Rgb8 23. c4 bxc3 24. bxc3 Bb3 25. Rd4 Nf6 26. Ra1 Nxh5 27. c4 Nf6 28. Rd2 Rb4 29. Bc5 Rbb8 30. Rb2 Rb7 31. Rab1 Rab8 32. Bd3 Kc8 33. Bd4 e5 34. Bxe5 Nd7 35. Bxg7 Bxa4 36. Rxb7 Rxb7 37. Ra1 Rb4 38. Bf1 Nc5 39. Bxh6 Kd7 40. Bd2 Kxd6 41. Kg2 Bc2 42. Bf4+ Ke6 43. Rxa5 Nd3 44. Bd2 Rb1 45. Be2 Ne5 46. Bf4 f6 47. Ra3 Bb3 48. Ra6 Rb2 49. Bf1 Ng4 50. Rxc6+ Kd7 51. Rd6+ Ke7 52. Rd2 Rxd2 53. Bxd2 Ne5 54. Bb4+ Kd7 55. c5 Kc6 56. Kh3 Nd7 57. Kg4 Kd5 58. Bg2+ Kc4 59. Ba3 Bc2 60. Kf4 Nxc5 61. Bxc5 Kxc5 62. Be4 Bd1 63. Kf5 Kd4 64. Bb1 Bf3 65. Kxf6 Kc3 66. Ke5 Kd2 67. Be4 Ke2 68. Bxf3+ 1-0

[Event "Sparkassen-Open A"]
[Site "Heusenstamm, Martinsee"]
[Date "2025.11.22"]
[Round "4.9"]
[White "Kersten, Uwe"]
[Black "Mastiuk, Ivan"]
[Result "1-0"]
[WhiteElo "2178"]
[BlackElo "1828"]
[PlyCount "77"]
[EventDate "2025.11.20"]
[WhiteTeam "Kasseler SK 1876"]
[BlackTeam "SK 1858 Gießen"]

1. e4 c6 2. d4 d5 3. e5 Bf5 4. h4 h5 5. Bd3 Bxd3 6. Qxd3 Qa5+ 7. Nd2 e6 8. Ngf3 Nh6 9. O-O Nf5 10. Nb3 Qa6 11. Qc3 Nd7 12. Bg5 Rc8 13. Qd2 c5 14. c3 c4 15. Nc1 b5 16. Ne2 Qb6 17. a3 a5 18. Ng3 Ne7 19. Bxe7 Bxe7 20. Ng5 Bxg5 21. Qxg5 g6 22. Ne2 Qd8 23. Qg3 Qe7 24. Nf4 Kf8 25. Rfe1 Kg7 26. Re3 b4 27. axb4 axb4 28. Ra7 Kh7 29. Nh3 Ra8 30. Qg5 Rae8 31. Rf3 Kg7 32. Rf6 bxc3 33. bxc3 Nxf6 34. Rxe7 Ne4 35. Qf4 Rxe7 36. f3 Ra7 37. fxe4 Rb8 38. exd5 Rb1+ 39. Kh2 1-0

[Event "Sparkassen-Open A"]
[Site "Heusenstamm, Martinsee"]
[Date "2025.11.22"]
[Round "4.10"]
[White "Golubka, Petro"]
[Black "Feldmann, Johannes"]
[Result "0-1"]
[WhiteElo "2389"]
[BlackElo "2175"]
[PlyCount "74"]
[EventDate "2025.11.20"]
[WhiteTeam "SC Heimbach-Weis/Neuwied e.V."]
[BlackTeam "SV Worms 1878"]

1. e4 c6 2. d4 d5 3. e5 Bf5 4. g4 Be4 5. f3 Bg6 6. h4 h5 7. e6 Qd6 8. exf7+ Bxf7 9. Ne2 hxg4 10. fxg4 Nf6 11. g5 Nh5 12. Nbc3 Nd7 13. Be3 O-O-O 14. Qd2 Kb8 15. O-O-O e5 16. Kb1 Qc7 17. Bh3 Bd6 18. Rdf1 Bg6 19. Bg4 Rde8 20. Rhg1 exd4 21. Nxd4 Ne5 22. Be2 a6 23. Nf5 Bxf5 24. Rxf5 g6 25. Rff1 Rhf8 26. Bd4 Rxf1+ 27. Rxf1 Ng3 28. Rf6 Nxe2 29. Qxe2 Qd7 30. a4 Bc7 31. Qg2 Qe7 32. b3 Qb4 33. Qd2 c5 34. Bxc5 Qxc5 35. Nxd5 Rd8 36. c4 Nxc4 37. bxc4 Qxc4 0-1

[Event "Sparkassen-Open A"]
[Site "Heusenstamm, Martinsee"]
[Date "2025.11.22"]
[Round "4.11"]
[White "Musiienko, Tymur"]
[Black "Sydykov, Bayastan"]
[Result "0-1"]
[WhiteElo "2193"]
[BlackElo "2354"]
[PlyCount "164"]
[EventDate "2025.11.20"]
[WhiteTeam "Wiesbadener SV 1885"]
[BlackTeam "SC Viernheim 1934 e.V."]

1. e4 c5 2. Nf3 d6 3. d4 cxd4 4. Nxd4 Nf6 5. Nc3 a6 6. h3 e5 7. Nf3 Be7 8. Bc4 Be6 9. Bb3 h6 10. O-O Nbd7 11. Be3 Rc8 12. Qe2 Nc5 13. Bxc5 Rxc5 14. Ne1 Rc8 15. Nd3 Qb6 16. Kh1 g5 17. Rfd1 h5 18. a4 a5 19. Ra3 Bd7 20. Raa1 Kf8 21. Rd2 Kg7 22. Rad1 Bc6 23. Re1 Rh6 24. Nc1 Rch8 25. Qc4 Rf8 26. Qe2 Rg6 27. Qf1 g4 28. Rd3 Rh8 29. Rde3 Nh7 30. N1e2 Bg5 31. Rd3 Bh4 32. Ng3 Bxg3 33. Rxg3 Ng5 34. h4 Ne6 35. Rge3 Nd4 36. Qc4 Rf6 37. Kg1 Rg8 38. Ne2 Ne6 39. Ng3 Nf4 40. Nf5+ Kh8 41. Rg3 Rc8 42. Qc3 Qd8 43. Qe3 Bd7 44. Rd1 Bxf5 45. exf5 Rxf5 46. Qe4 Rf6 47. Re3 Qb6 48. Rd2 Rc7 49. Kh2 Ng6 50. g3 Ne7 51. Kg1 Nf5 52. Red3 Kg7 53. Kg2 Nd4 54. Kf1 Nf3 55. Re2 Qc6 56. Bd5 Qd7 57. c3 b6 58. Kg2 Rc5 59. Rd1 b5 60. Bb3 bxa4 61. Bxa4 Qe6 62. Bc2 Kf8 63. Qe3 Rb5 64. Bd3 Rd5 65. Ra1 Rc5 66. Bc2 Qc8 67. Bd3 Qc6 68. Qe4 d5 69. Qa4 Qb6 70. Qa3 Kg7 71. b4 axb4 72. cxb4 Rc8 73. Qb2 e4 74. Bb1 Rb8 75. Ba2 Rd8 76. Rd1 Qe6 77. b5 Kg8 78. b6 Qxb6 79. Qxb6 Rxb6 80. Rxd5 Rxd5 81. Bxd5 Rb1 82. Bxe4 Rg1# 0-1

[Event "Sparkassen-Open A"]
[Site "Heusenstamm, Martinsee"]
[Date "2025.11.22"]
[Round "4.12"]
[White "Panjer, Sidney"]
[Black "Mandalka, Justus"]
[Result "1/2-1/2"]
[WhiteElo "2287"]
[BlackElo "2006"]
[PlyCount "129"]
[EventDate "2025.11.20"]
[WhiteTeam "Krefelder SK Turm 1851 e"]
[BlackTeam "SK Bad Homburg 1927"]

1. d4 d5 2. c4 e6 3. Nf3 Nf6 4. g3 c5 5. cxd5 exd5 6. Bg2 Nc6 7. O-O Be7 8. dxc5 Bxc5 9. a3 Ne4 10. Nfd2 Bf5 11. Nxe4 Bxe4 12. Bxe4 dxe4 13. Nc3 e3 14. Bxe3 Bxe3 15. fxe3 O-O 16. Qxd8 Rfxd8 17. Rfd1 Na5 18. Kf2 Kf8 19. Rd3 Nc4 20. b3 Ne5 21. Rd4 Rac8 22. Rc1 Rd7 23. Na2 Rxc1 24. Nxc1 Rc7 25. Nd3 Nxd3+ 26. exd3 Rc3 27. Rb4 b6 28. d4 Rc2+ 29. Kf3 Rxh2 30. Rc4 Rb2 31. b4 Ke8 32. Rc7 a5 33. bxa5 bxa5 34. Rc5 a4 35. Ra5 Ke7 36. Rxa4 h5 37. Ra5 Ra2 38. a4 g6 39. Ra7+ Kf6 40. a5 g5 41. Ra6+ Ke7 42. Ra8 f5 43. Ra6 Kf7 44. d5 Ke7 45. Re6+ Kf7 46. a6 Ra5 47. Rd6 Kg7 48. Ke2 Ra3 49. Re6 Kf7 50. Rh6 Kg7 51. Rb6 h4 52. gxh4 gxh4 53. d6 Kf6 54. d7+ Ke7 55. Rd6 Kd8 56. Kf2 h3 57. Rh6 Kxd7 58. Rxh3 Rxa6 59. Rh7+ Ke8 60. Kf3 Ra4 61. Rh5 Ke7 62. Rxf5 Ke6 63. Rb5 Rc4 64. e4 Rc1 65. Rb6+ 1/2-1/2

[Event "Sparkassen-Open A"]
[Site "Heusenstamm, Martinsee"]
[Date "2025.11.22"]
[Round "4.13"]
[White "Sheng, Ming"]
[Black "Mester, Philipp"]
[Result "0-1"]
[WhiteElo "2178"]
[BlackElo "2285"]
[PlyCount "44"]
[EventDate "2025.11.20"]
[WhiteTeam "SVG Saarbrücken 1970 e.V."]
[BlackTeam "SVG CAISSA Kassel"]

1. e4 e5 2. Nf3 Nc6 3. Bc4 Nf6 4. d3 Be7 5. O-O O-O 6. c3 d5 7. exd5 Nxd5 8. Re1 Bg4 9. h3 Bh5 10. Nbd2 Nb6 11. Bb3 a5 12. a4 Qxd3 13. Nxe5 Bxd1 14. Nxd3 Bxb3 15. Nxb3 Rfd8 16. Ndc5 Rd5 17. Ne4 Nc4 18. Nbd2 N4e5 19. Nf1 Nd3 20. Re2 Rad8 21. Nfg3 Nxc1 22. Rxc1 f5 0-1

[Event "Sparkassen-Open A"]
[Site "Heusenstamm, Martinsee"]
[Date "2025.11.22"]
[Round "4.14"]
[White "Eilers, Stefan"]
[Black "Wilhelm, Jochen"]
[Result "1/2-1/2"]
[WhiteElo "2280"]
[BlackElo "2031"]
[PlyCount "80"]
[EventDate "2025.11.20"]
[WhiteTeam "SAbt SG 1945 Dietzenbach"]
[BlackTeam "SC 1970 Lorsch"]

1. Nf3 d5 2. g3 Nf6 3. Bg2 e6 4. O-O Be7 5. c4 O-O 6. d4 dxc4 7. Nc3 c5 8. dxc5 Nc6 9. Qa4 Qa5 10. Qxc4 Qxc5 11. Qxc5 Bxc5 12. a3 a6 13. b4 Be7 14. Na4 Bd7 15. Nb6 Rad8 16. Rd1 Bc8 17. Bb2 Nd5 18. Nxd5 Rxd5 19. Rxd5 exd5 20. Nd4 Nxd4 21. Bxd4 Be6 22. Rc1 Bd6 23. Bb6 Be5 24. Rc2 g6 25. f4 Bf6 26. e3 Re8 27. Kf2 Kg7 28. Rc7 Re7 29. Rxe7 Bxe7 30. e4 dxe4 31. Bxe4 Bc8 32. Ke3 Kf8 33. Bc5 Ke8 34. Bd5 f6 35. Bxe7 Kxe7 36. Kd4 Kd6 37. h4 b6 38. Be4 a5 39. bxa5 bxa5 40. Bf3 h6 1/2-1/2

[Event "Sparkassen-Open A"]
[Site "Heusenstamm, Martinsee"]
[Date "2025.11.22"]
[Round "4.15"]
[White "Windmüller, Simon"]
[Black "Baranyai-Molnar, Adam"]
[Result "0-1"]
[WhiteElo "2137"]
[BlackElo "2227"]
[PlyCount "60"]
[EventDate "2025.11.20"]
[WhiteTeam "SV 1926 Riegelsberg"]
[BlackTeam "SF Neuberg"]

1. d4 Nf6 2. c4 e6 3. Nf3 c5 4. d5 b5 5. dxe6 fxe6 6. cxb5 d5 7. e3 Bd6 8. Be2 O-O 9. b3 Bb7 10. Bb2 Nbd7 11. Nbd2 Qe7 12. O-O e5 13. e4 dxe4 14. Bc4+ Kh8 15. Nh4 g6 16. g3 Bc7 17. Qe2 Nb6 18. Rae1 Rad8 19. f3 Nxc4 20. Nxc4 Kg7 21. fxe4 Nxe4 22. Nf3 Kg8 23. Nfxe5 Bxe5 24. Bxe5 Ng5 25. h4 Nf3+ 26. Rxf3 Bxf3 27. Qe3 Qd7 28. Kh2 Bd5 29. Nd6 Qg4 30. Qd3 Rf2+ 0-1

[Event "Sparkassen-Open A"]
[Site "Heusenstamm, Martinsee"]
[Date "2025.11.22"]
[Round "4.16"]
[White "Vranckx, Oscar"]
[Black "Papadopoulos, Ioannis"]
[Result "1/2-1/2"]
[WhiteElo "2073"]
[BlackElo "2240"]
[PlyCount "41"]
[EventDate "2025.11.20"]
[WhiteTeam "Sfr.Mainz 1928"]
[BlackTeam "SV Oberursel"]

1. e4 c5 2. Nf3 e6 3. d4 cxd4 4. Nxd4 Nc6 5. Nc3 Qc7 6. Be3 a6 7. Bd3 Nf6 8. O-O Ne5 9. h3 b5 10. Qe2 Bb7 11. f4 Nxd3 12. cxd3 Rc8 13. Rac1 Qb8 14. Qf2 Be7 15. Nb3 O-O 16. Ne2 Rxc1 17. Rxc1 Rc8 18. Qe1 Rxc1 19. Qxc1 Qc8 20. Qxc8+ Bxc8 21. Nc3 1/2-1/2

[Event "Sparkassen-Open A"]
[Site "Heusenstamm, Martinsee"]
[Date "2025.11.22"]
[Round "4.17"]
[White "Heimrath, Reiner"]
[Black "Podat, Vladimir"]
[Result "1/2-1/2"]
[WhiteElo "2149"]
[BlackElo "2278"]
[PlyCount "89"]
[EventDate "2025.11.20"]
[WhiteTeam "SC Noris-Tarrasch Nürnberg 1873"]
[BlackTeam "SC Untergrombach 46"]

1. e4 c5 2. Nc3 Nc6 3. g3 g6 4. h4 d6 5. Bg2 Bg7 6. Nge2 Rb8 7. Nd5 e6 8. Ne3 h5 9. c3 e5 10. f4 Nh6 11. O-O exf4 12. Nxf4 Ng4 13. Nxg4 Bxg4 14. Qb3 Qd7 15. d3 Be6 16. Nxe6 Qxe6 17. Qxe6+ fxe6 18. Bh3 Nd8 19. Bg5 Rf8 20. Rxf8+ Bxf8 21. Bxd8 Kxd8 22. Bxe6 Ke7 23. Bd5 Bg7 24. a4 b6 25. Kf2 Be5 26. Bc4 Rf8+ 27. Kg2 Bg7 28. Rd1 Bh6 29. Re1 Bg7 30. Re2 a5 31. Bb3 Kd7 32. Bd1 Ke7 33. Rc2 Rb8 34. Rd2 Bh6 35. Re2 Bg7 36. Bc2 Rf8 37. e5 dxe5 38. d4 cxd4 39. cxd4 Rd8 40. dxe5 g5 41. hxg5 Rd5 42. g6 Rxe5 43. Be4 Rg5 44. Bf5+ Kd6 45. Re6+ 1/2-1/2

[Event "Sparkassen-Open A"]
[Site "Heusenstamm, Martinsee"]
[Date "2025.11.22"]
[Round "4.18"]
[White "Musiienko, Platon"]
[Black "Hacker, Jonas"]
[Result "0-1"]
[WhiteElo "2107"]
[BlackElo "2352"]
[PlyCount "152"]
[EventDate "2025.11.20"]
[WhiteTeam "Wiesbadener SV 1885"]
[BlackTeam "SC Eppingen"]

1. e4 c5 2. c3 Nf6 3. e5 Nd5 4. Nf3 e6 5. Bc4 d6 6. d4 cxd4 7. cxd4 Be7 8. O-O O-O 9. Qe2 Bd7 10. Nc3 Nxc3 11. bxc3 Bc6 12. exd6 Bxd6 13. Ne5 Bxe5 14. Qxe5 Nd7 15. Qg3 Nf6 16. Bh6 Nh5 17. Qg4 Qf6 18. Qxh5 Qxh6 19. Qxh6 gxh6 20. Rfc1 Rac8 21. Be2 Rfd8 22. a4 Rd5 23. a5 Kf8 24. f4 Rd7 25. g3 Rdc7 26. Ra3 Bd5 27. Kf2 Bc4 28. Bf3 Bd5 29. Be2 Bc4 30. Bf3 Ke7 31. Ke3 Kd6 32. Kd2 f6 33. Re1 Re8 34. Ra4 Rec8 35. Re3 Rb8 36. Rb4 b5 37. axb6 Rxb6 38. Rxb6+ axb6 39. Re1 Ra7 40. Rb1 Ra2+ 41. Kc1 Kc7 42. Rb2 Ra1+ 43. Kd2 Rf1 44. Ke3 Rc1 45. Kd2 Rg1 46. Be4 h5 47. Bf3 h4 48. gxh4 b5 49. Ke3 Kd6 50. h5 Rc1 51. Kd2 Rg1 52. Ke3 h6 53. Rc2 Rb1 54. Be2 Bxe2 55. Kxe2 Kd5 56. Kd3 Rf1 57. Rb2 Rf3+ 58. Ke2 Rxc3 59. Rxb5+ Ke4 60. f5 exf5 61. Rb6 Rc2+ 62. Kf1 Rxh2 63. Rxf6 Rxh5 64. Rd6 Kf3 65. Kg1 Rg5+ 66. Kh2 Rh5+ 67. Kg1 f4 68. Ra6 Rg5+ 69. Kh2 Kf2 70. Rxh6 f3 71. Kh3 Kg1 72. Kh4 Rg8 73. d5 f2 74. Rf6 f1=Q 75. Rxf1+ Kxf1 76. d6 Kf2 0-1

[Event "Sparkassen-Open A"]
[Site "Heusenstamm, Martinsee"]
[Date "2025.11.22"]
[Round "4.19"]
[White "Burkhardt, Holger"]
[Black "Holtel, Jasper"]
[Result "1/2-1/2"]
[WhiteElo "2102"]
[BlackElo "2365"]
[PlyCount "236"]
[EventDate "2025.11.20"]
[WhiteTeam "SK Anderten"]
[BlackTeam "SK Doppelbauer Kiel von 1910 e.V"]

1. e4 c5 2. Nf3 a6 3. c3 d5 4. d3 Nc6 5. Nbd2 Nf6 6. Be2 e5 7. O-O Be7 8. Re1 O-O 9. exd5 Nxd5 10. Nc4 Bf6 11. Bf1 Re8 12. a4 b6 13. g3 Rb8 14. d4 exd4 15. Rxe8+ Qxe8 16. Nd6 Qe6 17. Nxc8 Qxc8 18. cxd4 Nxd4 19. Nxd4 Bxd4 20. Qf3 Qe6 21. Bd2 Nf6 22. Bxa6 Bxb2 23. Re1 Qd7 24. Bf4 Rd8 25. Bb5 Qd5 26. Qe2 Bc3 27. Bc4 Qd7 28. Bb5 Qc8 29. Rc1 Bd4 30. Bg5 Qf5 31. Bxf6 Qxf6 32. Re1 g6 33. Kg2 Kg7 34. Qf3 Rc8 35. Bc4 Ra8 36. Bb5 Rc8 37. Bc4 Ra8 38. Bb5 Ra7 39. Re2 c4 40. Bxc4 Rxa4 41. Qxf6+ Kxf6 42. Rc2 Rb4 43. Ba2 Ra4 44. Bc4 Ra7 45. Re2 Rc7 46. Ba2 b5 47. Kf3 b4 48. Ke4 Bc3 49. Kd3 Rd7+ 50. Kc2 g5 51. f3 h6 52. Bc4 Rc7 53. Kb3 Ra7 54. g4 Ra3+ 55. Kc2 Bd4 56. Bb3 Ra1 57. Kd3 Bc3 58. Ra2 Rb1 59. Ra6+ Kg7 60. Bc4 Rd1+ 61. Ke3 Rd8 62. h3 Bf6 63. Ke2 Rd4 64. Bb3 Rd7 65. Rb6 Bc3 66. Rb5 Re7+ 67. Kd3 Rc7 68. Bd5 Rd7 69. Ke4 Re7+ 70. Kd3 Rd7 71. Ke4 Rd6 72. Rb7 Rf6 73. Kd3 Rf4 74. Be4 Kf8 75. Rb8+ Kg7 76. Rb7 h5 77. Rb5 Kh6 78. Rb6+ Rf6 79. Rxf6+ Bxf6 80. Bd5 h4 81. Bxf7 Kg7 82. Bc4 Be5 83. Ke4 Kf6 84. Bb3 Bb8 85. Bc4 Ke7 86. Kd5 Bf4 87. Bb3 Kd7 88. Bc4 Kc7 89. Kc5 Be3+ 90. Kd5 Kb6 91. Bb3 Kb5 92. Ke4 Bc1 93. Kd4 Bd2 94. Kd3 Bc3 95. Ke4 Bd2 96. Kd3 Bf4 97. Ke4 Kc5 98. Ba2 b3 99. Bxb3 Kb4 100. Bd5 Kc3 101. Bc6 Kd2 102. Bb5 Ke1 103. Kd3 Kf2 104. Bc4 Kf1 105. Bb5 Kg2 106. Ke2 Kxh3 107. Kf1 Kh2 108. Bc4 h3 109. Kf2 Bg3+ 110. Kf1 Be5 111. f4 gxf4 112. g5 Bd4 113. g6 Kg3 114. g7 Bxg7 115. Kg1 f3 116. Kh1 Be5 117. Bd5 h2 118. Bxf3 Kxf3 1/2-1/2

[Event "Sparkassen-Open A"]
[Site "Heusenstamm, Martinsee"]
[Date "2025.11.22"]
[Round "4.20"]
[White "Bentel, Robin"]
[Black "Hilzinger, Markus"]
[Result "1-0"]
[WhiteElo "2243"]
[BlackElo "2102"]
[PlyCount "92"]
[EventDate "2025.11.20"]
[WhiteTeam "Schachfreunde Lieme e. V."]
[BlackTeam "SC Pforzheim 1906"]

1. d4 Nf6 2. c4 g6 3. Nc3 Bg7 4. e4 d6 5. Nf3 O-O 6. Be2 e5 7. Be3 Nc6 8. d5 Ne7 9. Nd2 Ne8 10. b4 f5 11. f3 a5 12. bxa5 Rxa5 13. Nb3 Ra8 14. c5 f4 15. Bf2 g5 16. a4 Ng6 17. h3 Nf6 18. cxd6 cxd6 19. a5 h5 20. Nb5 Qe7 21. Qd2 Bd7 22. Qb4 Bxb5 23. Bxb5 g4 24. hxg4 hxg4 25. Nd2 Rf7 26. Rc1 Bf8 27. Be2 g3 28. Bb6 Rh7 29. Rg1 Ne8 30. Bb5 Qh4 31. Qa4 Nf6 32. Ke2 Qh2 33. Nf1 Qh5 34. Rc3 Nh4 35. Qc2 Nd7 36. Bxd7 Rxd7 37. Rc8 Rxc8 38. Qxc8 Qf7 39. Nd2 Kg7 40. Nc4 Kg6 41. Na3 Kg7 42. Nb5 Kg6 43. Nc7 Bg7 44. Qxb7 Bf6 45. a6 Bd8 46. a7 Bxc7 1-0

[Event "Sparkassen-Open A"]
[Site "Heusenstamm, Martinsee"]
[Date "2025.11.22"]
[Round "4.21"]
[White "Doll, Alexander"]
[Black "Wenzel, Calvin"]
[Result "1-0"]
[WhiteElo "2234"]
[BlackElo "2065"]
[PlyCount "57"]
[EventDate "2025.11.20"]
[WhiteTeam "SC Untergrombach 46"]
[BlackTeam "SK 1980 Gernsheim"]

1. e4 e5 2. Nf3 Nc6 3. Bc4 d6 4. a4 Bg4 5. h3 Bh5 6. a5 a6 7. d3 Nf6 8. Nc3 Qd7 9. Be3 Be7 10. g4 Bg6 11. Qe2 h5 12. g5 Nh7 13. Nd5 Nf8 14. h4 Bd8 15. Bd2 Ne6 16. c3 Ne7 17. d4 exd4 18. Nxd4 Nxd4 19. cxd4 Nxd5 20. Bxd5 c6 21. Bb3 Qg4 22. f3 Qd7 23. f4 O-O 24. f5 Bxf5 25. exf5 Re8 26. Be3 Qxf5 27. Rf1 Bxa5+ 28. Kd1 Qe4 29. Bxf7+ 1-0

[Event "Sparkassen-Open A"]
[Site "Heusenstamm, Martinsee"]
[Date "2025.11.22"]
[Round "4.22"]
[White "Solonar, Stefan"]
[Black "Meuer, David"]
[Result "1-0"]
[WhiteElo "2250"]
[BlackElo "2081"]
[PlyCount "51"]
[EventDate "2025.11.20"]
[WhiteTeam "SC Heusenstamm"]
[BlackTeam "TSV Schott Mainz"]

1. Nf3 d5 2. d4 Nf6 3. c4 e6 4. Nc3 Bb4 5. Bg5 h6 6. Bxf6 Qxf6 7. e3 c5 8. Rc1 dxc4 9. Bxc4 cxd4 10. Qa4+ Nc6 11. Nxd4 Bd7 12. Nxc6 Bxc3+ 13. Rxc3 bxc6 14. O-O O-O 15. Rd1 Rfd8 16. Rcd3 Be8 17. Rxd8 Rxd8 18. Rxd8 Qxd8 19. Qxa7 Qd1+ 20. Bf1 Qd6 21. Qb6 Kf8 22. b4 Ke7 23. a4 Kd7 24. b5 c5 25. Qa7+ Kc8 26. b6 1-0

[Event "Sparkassen-Open A"]
[Site "Heusenstamm, Martinsee"]
[Date "2025.11.22"]
[Round "4.23"]
[White "Wachsmann, Dietmar"]
[Black "Schmitzer, Klaus"]
[Result "0-1"]
[WhiteElo "2012"]
[BlackElo "2230"]
[PlyCount "40"]
[EventDate "2025.11.20"]
[WhiteTeam "SC Groß-Umstadt"]
[BlackTeam "SK Münster 32 e. V."]

1. e4 c6 2. d4 d5 3. exd5 cxd5 4. c4 Nf6 5. Nc3 g6 6. Nf3 Bg7 7. Be2 O-O 8. O-O Nc6 9. Re1 Bg4 10. h3 Bxf3 11. Bxf3 dxc4 12. Bxc6 bxc6 13. Qa4 Qxd4 14. Be3 Qd7 15. Bc5 Nd5 16. Rad1 Bxc3 17. bxc3 Nxc3 18. Rxd7 Nxa4 19. Bxe7 Rfe8 20. Rc7 Nc3 0-1